<?xml version="1.0" encoding="UTF-8"?>
<collection xmlns="http://www.loc.gov/MARC21/slim">
    <record>
        <controlfield tag="001">183065</controlfield>
        <controlfield tag="005">20151204194144.0</controlfield>
        <datafield tag="024" ind1="7" ind2=" ">
            <subfield code="2">ZDBID</subfield>
            <subfield code="a">PERI:(DE-600)2834861-8</subfield>
        </datafield>
        <datafield tag="024" ind1="7" ind2=" ">
            <subfield code="2">ZDBPPN</subfield>
            <subfield code="a">ZDPPN:1076632041</subfield>
        </datafield>
        <datafield tag="024" ind1="7" ind2=" ">
            <subfield code="2">OCLC</subfield>
            <subfield code="a">OCLC:923481604</subfield>
        </datafield>
        <datafield tag="035" ind1=" " ind2=" ">
            <subfield code="a">PERI:(DE-600)2834861-8</subfield>
        </datafield>
        <datafield tag="041" ind1=" " ind2=" ">
            <subfield code="a">ger</subfield>
        </datafield>
        <datafield tag="082" ind1=" " ind2=" ">
            <subfield code="a">370</subfield>
        </datafield>
        <datafield tag="245" ind1=" " ind2=" ">
            <subfield code="a">WILA-Arbeitsmarkt</subfield>
            <subfield code="c">Wissenschaftsladen Bonn</subfield>
            <subfield code="h">print</subfield>
        </datafield>
        <datafield tag="260" ind1=" " ind2=" ">
            <subfield code="a">Bonn</subfield>
            <subfield code="b">Wissenschaftsladen Bonn e.V.</subfield>
        </datafield>
        <datafield tag="380" ind1=" " ind2=" ">
            <subfield code="2">marcgt</subfield>
            <subfield code="a">journal</subfield>
        </datafield>
        <datafield tag="500" ind1=" " ind2=" ">
            <subfield code="a">Automatically generated record. (Updated: 12/2015)</subfield>
        </datafield>
        <datafield tag="710" ind1="1" ind2=" ">
            <subfield code="0">GKD:007505752</subfield>
            <subfield code="2">GKD</subfield>
            <subfield code="a">Wissenschaftsladen Bonn </subfield>
        </datafield>
        <datafield tag="909" ind1="C" ind2="O">
            <subfield code="o">oai:juser.fz-juelich.de:276591</subfield>
            <subfield code="p">authority:PERI</subfield>
            <subfield code="p">authority</subfield>
        </datafield>
        <datafield tag="909" ind1="C" ind2="O">
            <subfield code="o">oai:juser.fz-juelich.de:276591</subfield>
        </datafield>
        <datafield tag="933" ind1=" " ind2=" ">
            <subfield code="a">Bonn</subfield>
            <subfield code="b">Wissenschaftsladen Bonn e.V.</subfield>
        </datafield>
        <datafield tag="980" ind1=" " ind2=" ">
            <subfield code="a">PERI</subfield>
        </datafield>
        <datafield tag="980" ind1=" " ind2=" ">
            <subfield code="a">AUTHORITY</subfield>
        </datafield>
    </record>

    
</collection>